Meilleurs buteurs français dans les 5 Grands championnats - Statistiques

Statistiques générales
  • Ce quiz a été pris 465 fois
  • Le résultat moyen est 9 sur 25
Statistiques - réponses
% Correct
Kylian Mbappé
98%
Karim Benzema
92%
Thierry Henry
90%
Olivier Giroud
89%
Antoine Griezmann
86%
Michel Platini
79%
Just Fontaine
63%
David Trezeguet
62%
Jean-Pierre Papin
58%
Alexandre Lacazette
55%
Wissam Ben Yedder
44%
Kevin Gameiro
27%
Alain Giresse
17%
Bernard Lacombe
17%
Hervé Revelli
7%
Fleury Di Nallo
6%
Roger Piantoni
6%
Jean Baratte
3%
Thadée Cisowski
2%
André Guy
1%
Désiré Koranyi
1%
Joseph Ujlaki
1%
Roger Courtois
1%
Gunnar Anderson
0%
Jacky Vergnes
0%
Aucun quiz correspondant
Distribution des résultats
% des personnes avec chaque résultat
Percentile par nombre de réponses
Votre historique - résultats
Vous n’avez pas pris ce quiz